| 000 | 01209nam a22002537a 4500 | ||
|---|---|---|---|
| 005 | 20110719121557.0 | ||
| 010 | _aB-430676-677 | ||
| 020 |
_a8177695401 _c135.00 |
||
| 020 |
_a9788177695403 _c135.00 |
||
| 035 | _aB-430676-677 | ||
| 037 | _bAllied Publishers | ||
| 082 | _a613.7046 | ||
| 100 |
_a Das, Sanjay _930146 |
||
| 245 |
_aYogic and Music Therapy / _cby Sanjay Das; translated by Niharika Lal |
||
| 260 |
_aVaranasi _bPilgrims Publishing _c2007 |
||
| 270 |
_aB27/98, A-8, Nawabganj Road, Durga Kund, _bVaranasi _e91-542-2314060 |
||
| 300 |
_a89p. _c15 cm ( pbk.) _bill. |
||
| 700 |
_aLal, Niharika _929703 |
||
| 710 | _929663 | ||
| 942 |
_adpl _cEN _2ddc _mDAS _h613.7046 |
||
| 999 |
_c54018 _d54018 |
||